Economics./ (Record no. 312)

MARC details
000 -LEADER
fixed length control field 00676nam a22001697a 4500
008 - FIXED-LENGTH DATA ELEMENTS--GENERAL INFORMATION
fixed length control field 111125t xxu||||| |||| 00| 0 eng d
020 ## - INTERNATIONAL STANDARD BOOK NUMBER
International Standard Book Number 0273658131
050 ## - LIBRARY OF CONGRESS CALL NUMBER
Classification number HB171.5.P21
100 ## - MAIN ENTRY--PERSONAL NAME
Personal name Parkin, Micheal.
245 ## - TITLE STATEMENT
Title Economics./
Statement of responsibility, etc. Micheal, Parkins.
260 ## - PUBLICATION, DISTRIBUTION, ETC.
Place of publication, distribution, etc. New York:
Name of publisher, distributor, etc. Addison-Wesley,
Date of publication, distribution, etc. 2000.
300 ## - PHYSICAL DESCRIPTION
Extent xxxi, 841 p.ill
Other physical details ill.
Dimensions 24cm.
500 ## - GENERAL NOTE
General note Includes index.
505 ## - FORMATTED CONTENTS NOTE
Formatted contents note Contents: The Scope of economics -- How markets work -- Firms and markets -- Government policy and regulation -- Macroeconomics and fundamentals -- The Central bank and monetary policy -- The Global Economy and the Euro.
700 ## - ADDED ENTRY--PERSONAL NAME
Personal name Powell, Melanie. Mattew, Kent.
942 ## - ADDED ENTRY ELEMENTS (KOHA)
Source of classification or shelving scheme Library of Congress Classification
Koha item type Books
Holdings
Withdrawn status Lost status Source of classification or shelving scheme Damaged status Not for loan Home library Current library Shelving location Date acquired Total Checkouts Full call number Barcode Date last seen Copy number Price effective from Koha item type
    Library of Congress Classification     WISCONSIN INTERNATIONAL UNIVERSITY COLLEGE, GHANA - MAIN LIBRARY WISCONSIN INTERNATIONAL UNIVERSITY COLLEGE, GHANA - MAIN LIBRARY General Stacks 25/11/2011   HB171.5.P21 862/11 25/11/2011 1 25/11/2011 Books
    Library of Congress Classification     WISCONSIN INTERNATIONAL UNIVERSITY COLLEGE, GHANA - MAIN LIBRARY WISCONSIN INTERNATIONAL UNIVERSITY COLLEGE, GHANA - MAIN LIBRARY General Stacks 25/11/2011   HB171.5.P211 863/11 25/11/2011 2 25/11/2011 Books
    Library of Congress Classification     WISCONSIN INTERNATIONAL UNIVERSITY COLLEGE, GHANA - MAIN LIBRARY WISCONSIN INTERNATIONAL UNIVERSITY COLLEGE, GHANA - MAIN LIBRARY General Stacks 25/11/2011   HB171.5.P212 864 25/11/2011 3 25/11/2011 Books

If you have any concerns or questions; kindly contact the library


© Powered by WIUC ICT DIRECTORATE